| 000 | 00682cab a2200241 4500 | ||
|---|---|---|---|
| 001 | ABS56381 | ||
| 008 | 090401t1996 xxu||||| |||| 00| 0 eng d | ||
| 035 | _a(Sirsi) u23225 | ||
| 041 | _aeng | ||
| 100 | _aSagar, M | ||
| 245 | _aDriving test | ||
| 260 | _c1996 | ||
| 350 | _a0 | ||
| 490 |
_aLeisure Management _v16(12) December 1996, 29-30(2) |
||
| 520 | _aConsiders how driving ranges may set golf participation rates rising again as the number of golf course developments level off. | ||
| 650 | _aDRIVING RANGES | ||
| 650 | _aGOLF COURSES | ||
| 650 | _aGOLF DEVELOPMENT | ||
| 650 | _aGOLF | ||
| 690 | _aLEISURE AND RECREATION | ||
| 942 | _n0 | ||
| 948 | _c04/03/1997 | ||
| 999 |
_c15541 _d15541 |
||